000 00539nam a22001577a 4500
003 OSt
005 20151030104931.0
008 151030b xxu||||| |||| 00| 0 eng d
040 _cRUA
082 _aFOR សាន1989 B115 Or.1
100 _93064
_aសាន ពៅ
245 _aគំរោង និង វិធានការ ដាំឈើើឡើងវិញ នៅឃុំទឹកហូត ខេត្ត កំពង់ឆ្នាំង
260 _aPhnom Penh
_bRUA
_c1989
300 _a71p.
_bill.
_c29cm.
942 _2ddc
_cFOR
999 _c2856
_d2856